000 00365nam a22001577a 4500
999 _c8707
_d8707
003 OSt
008 200706b ||||| |||| 00| 0 eng d
020 _a9789374735923
100 _aPanda, U.N.
245 _aEssentials of Pharmacology
250 _a2017
260 _aNew Delhi
_bAITBS Publishers
300 _aPg. 489
650 _aPharmacology
942 _2ddc
_cBK